<?xml version="1.0" encoding="UTF-8"?><?xml-stylesheet type="text/xsl" href="static/style.xsl"?><OAI-PMH xmlns="http://www.openarchives.org/OAI/2.0/" xmlns:xsi="http://www.w3.org/2001/XMLSchema-instance" xsi:schemaLocation="http://www.openarchives.org/OAI/2.0/ http://www.openarchives.org/OAI/2.0/OAI-PMH.xsd"><responseDate>2026-04-17T05:08:23Z</responseDate><request verb="GetRecord" identifier="oai:riubu.ubu.es:10259/4701" metadataPrefix="marc">https://riubu.ubu.es/oai/request</request><GetRecord><record><header><identifier>oai:riubu.ubu.es:10259/4701</identifier><datestamp>2024-05-14T11:27:45Z</datestamp><setSpec>com_10259_4393</setSpec><setSpec>com_10259_5086</setSpec><setSpec>com_10259_2604</setSpec><setSpec>col_10259_4394</setSpec></header><metadata><record xmlns="http://www.loc.gov/MARC21/slim" xmlns:doc="http://www.lyncode.com/xoai" xmlns:xsi="http://www.w3.org/2001/XMLSchema-instance" xmlns:dcterms="http://purl.org/dc/terms/" xsi:schemaLocation="http://www.loc.gov/MARC21/slim http://www.loc.gov/standards/marcxml/schema/MARC21slim.xsd">
<leader>00925njm 22002777a 4500</leader>
<datafield tag="042" ind1=" " ind2=" ">
<subfield code="a">dc</subfield>
</datafield>
<datafield tag="720" ind1=" " ind2=" ">
<subfield code="a">Alonso Tristán, Cristina</subfield>
<subfield code="e">author</subfield>
</datafield>
<datafield tag="720" ind1=" " ind2=" ">
<subfield code="a">Villamañán, Miguel A. .</subfield>
<subfield code="e">author</subfield>
</datafield>
<datafield tag="720" ind1=" " ind2=" ">
<subfield code="a">Chamorro, César R. .</subfield>
<subfield code="e">author</subfield>
</datafield>
<datafield tag="720" ind1=" " ind2=" ">
<subfield code="a">Segovia Puras, José Juan</subfield>
<subfield code="e">author</subfield>
</datafield>
<datafield tag="260" ind1=" " ind2=" ">
<subfield code="c">2008-07</subfield>
</datafield>
<datafield tag="520" ind1=" " ind2=" ">
<subfield code="a">New experimental isothermal P, x, y data for the ternary systems dibutyl ether + cyclohexane + heptane&#xd;
and dibutyl ether + cyclohexane + 1-hexene and for the binary systems dibutyl ether + 1-hexene and&#xd;
dibutyl ether + heptane at 313.15 K are reported. Data reduction by Barker’s method provides correlations&#xd;
for GE, using the Margules equation for the binary systems and the Wohl expansion for the ternary systems.&#xd;
Wilson, NRTL, and UNIQUAC models have been applied successfully to both of the binary and ternary&#xd;
mixtures presented here.</subfield>
</datafield>
<datafield tag="024" ind2=" " ind1="8">
<subfield code="a">0021-9568</subfield>
</datafield>
<datafield tag="024" ind2=" " ind1="8">
<subfield code="a">http://hdl.handle.net/10259/4701</subfield>
</datafield>
<datafield tag="024" ind2=" " ind1="8">
<subfield code="a">10.1021/je7007523</subfield>
</datafield>
<datafield tag="245" ind1="0" ind2="0">
<subfield code="a">Phase Equilibrium Properties of Binary and Ternary Mixtures Containing Dibutyl Ether, Cyclohexane, and Heptane or 1-Hexene at T = 313.15 K</subfield>
</datafield>
</record></metadata></record></GetRecord></OAI-PMH>